An introduction to primary education : for parents, governors and student teachers

Αποθηκεύτηκε σε:
Λεπτομέρειες βιβλιογραφικής εγγραφής
Κύριος συγγραφέας: Pollard, Andrew
Μορφή: Βιβλίο
Γλώσσα:English
Δημοσίευση: London : Cassell, 1996
Σειρά:Education matters
Θέματα:
Ετικέτες: Προσθήκη ετικέτας
Δεν υπάρχουν, Καταχωρήστε ετικέτα πρώτοι!

MARC

LEADER 00000nam a2200000 i 4500
001 1/95479
008 991207s1996 eng d
020 |a 0-304-32708-5 
035 |l 10055336 
040 |a GR-MY-UA  |b gre  |e aacr 
041 0 |a eng 
082 0 |a 372.942 
100 1 |a Pollard, Andrew. 
245 1 3 |a An introduction to primary education :  |b for parents, governors and student teachers /  |c Andrew Pollard 
260 |a London :   |b Cassell,   |c 1996 
300 |a 197 p. 
490 1 |a Education matters 
650 0 0 |a Education, Elementary  |z Great Britain. 
830 0 |a Education matters 
852 |a INST  |b RHODES  |e 19991207  |h 372.942 POL  |p 005400012573  |q 005400012573  |t BK  |y 0 
901 |a BIBL4-1999-3 
909 |a Ρ  |b 069205 
922 |a 4ΕΛΗ  |b 199909  |c ΚΠΣ/154  |d GLORY BOOKS 
970 |a ΚΟΥΛΑΚΙΟΤΗ  |b ΛΙΤΣΑ  |z 1999/12/07